| 000 | 00351nam a2200133Ia 4500 | ||
|---|---|---|---|
| 008 | 240624s9999 xx 000 0 und d | ||
| 041 | _aeng | ||
| 082 | _a330.0151 GRE | ||
| 100 | _aGREENE WILLIAM | ||
| 245 | _aMAXIMUM SIMULATED LIKELIHOOD METHODS AND | ||
| 260 |
_c2010 _aUnited Kingdom _bEmerald |
||
| 300 | _axiv, 356 p.; 23 cm. | ||
| 365 |
_cBPS _b38 |
||
| 999 |
_c30587 _d30587 |
||